Métro parisien : Stations de la ligne 7bis - Statistiques

Statistiques générales
  • Ce quiz a été pris 98 fois
  • Le résultat moyen est 6 sur 8
Statistiques - réponses
Station Correspondances % Correct
Louis Blanc
98%
Jaurès
93%
Place des Fêtes
81%
Buttes Chaumont
79%
Danube
74%
Botzaris
71%
Bolivar
69%
Pré-Saint-Gervais
67%
Aucun quiz correspondant
Distribution des résultats
% des personnes avec chaque résultat
Percentile par nombre de réponses
Votre historique - résultats
Vous n’avez pas pris ce quiz